Paul of Tarsus (Record no. 22554)

MARC details
000 -LEADER
fixed length control field 00803cam a2200181 a 4500
020 ## - INTERNATIONAL STANDARD BOOK NUMBER
ISBN 1565637283
082 00 - DEWEY DECIMAL CLASSIFICATION NUMBER
Classification number 225.92
-- GLO
100 1# - MAIN ENTRY--AUTHOR NAME
Author name Glover, T. R.
245 10 - TITLE STATEMENT
Title Paul of Tarsus
260 ## - PUBLICATION, DISTRIBUTION, ETC. (IMPRINT)
Place of publication Peabody, Mass. :
Name of publisher Hendrickson Publishers,
Year of publication [2002]
300 ## - PHYSICAL DESCRIPTION
Number of Pages xi, 256 p. ;
500 ## - GENERAL NOTE
General note Originally published: London : Student Christian Movement, 1925.
505 0# - FORMATTED CONTENTS NOTE
Formatted contents note Introduction -- Tarsus -- Jerusalem -- Damascus -- "Not having mine own righteousness" -- The life of obedience -- "The preparation of the Gospel" -- The church -- The human Paul -- The love of Christ -- The consummation.
650 ## - SUBJECT ADDED ENTRY--TOPICAL TERM
Topical Term Paul, The Apostle Saint
856 42 - ELECTRONIC LOCATION AND ACCESS
Uniform Resource Identifier http://www.loc.gov/catdir/description/hend031/2003535241.html
856 42 - ELECTRONIC LOCATION AND ACCESS
Uniform Resource Identifier http://www.loc.gov/catdir/enhancements/fy0706/2003535241-b.html
942 ## - ADDED ENTRY ELEMENTS (KOHA)
Koha item type Books
Holdings
Home library Current library Shelving location Date acquired Full call number Accession Number Koha item type
Henry Martyn Institute Library Henry Martyn Institute Library General stacks 11/28/2018 225.92 11003965 Books
Henry Martyn Institute Library Henry Martyn Institute Library General stacks 11/28/2018 225.92 11003966 Books
                   Copyright © 2026 | Henry Martyn Institute | Hyderabad | TS-500052 | INDIA | Implemented by hmi.edu.in
Hit-Count:

Powered by Koha